| 000 | 00670nam a2200205Ia 4500 | ||
|---|---|---|---|
| 003 | GCL | ||
| 008 | 140319s9999 xx 000 0 ara d | ||
| 040 |
_aGCL / _cGCL |
||
| 082 | 0 | 4 |
_aد _b328.3063 _bر ت |
| 100 | 1 | _aرئاسة الجمهورية | |
| 245 | 1 | 0 |
_aالتوسع الذراعى الافقى / _cرئاسة الجمهورية |
| 700 | 1 | _aالمجالس القومية المتخصصة | |
| 260 |
_a[S.N] : _bالمجالس القومية المتخصصة ، _c1980 |
||
| 300 | _a109 ص | ||
| 490 |
_aالمغتربون _v0 |
||
| 650 | 0 | 4 | _aالاقتصاد |
| 650 | 0 | 4 | _aالزراعة |
| 650 | 0 | 4 | _aالهيئات التشريعية |
| 942 |
_2ddc _cCF |
||
| 999 |
_c27437 _d27437 |
||